Statystyki dla Kluby ze stajni Red Bull

Kliknij tutaj aby rozwiązać quiz!

Ogólne statystyki

  • Ten quiz został rozwiązany 17 razy
  • Średni wynik to 2 z 10

Statystyki odpowiedzi

KrajKlub% Poprawnych
Niemcy(pilka nożna)RB Lipsk
94%
Austria(piłka nożna)Red Bull Salzburg
69%
USA(piłka nożna)New York Red Bulls
38%
Brazylia(piłka nożna)Red Bull Bragantino
13%
Austria(hokej na lodzie)EC Red Bull Salzburg
0%
Niemcy(hokej na lodzie)EHC Red Bull Monachium
0%
Austria(piłka nożna)FC Liefering
0%
Filipiny(Koszykówka)Red Bull Barako
0%
Brazylia(piłka nożna)Red Bull Brasil
0%
Ghana(piłka nożna)Red Bull Ghana
0%

Rozkład punktacji

Percentyl według liczby udzielonych odpowiedzi

Procent ludzi z każdym wynikiem

Twoja historia wyników

Nie rozwiązałeś tego quizu